| 000 | 01077nam a22003135a 4500 | ||
|---|---|---|---|
| 003 | EG-ScBUE | ||
| 005 | 20220410103325.0 | ||
| 008 | 170110t2016 gw f b 000 0 eng d | ||
| 020 | _a9783659883101 | ||
| 040 |
_aEG-ScBUE _beng _erda _cEG-ScBUE _dEG-ScBUE |
||
| 082 | 0 | 4 |
_a401.41 _bFAK _222 |
| 100 | 1 |
_aFakhr, Nesreen, _eauthor. |
|
| 245 | 1 | 4 |
_aThe discourse of persuasion : _b10 secrets for success and inner peace / _cNesreen Fakhr. |
| 246 | 3 |
_aDiscourse of persuasion : _bten secrets for success and inner peace |
|
| 264 | 1 |
_aSaarbrucken, Germany : _bLAP LAMBERT Academic Publishing, _c[2016] |
|
| 264 | 4 | _cc2016 | |
| 300 |
_a119 pages ; _c24 cm |
||
| 336 |
_2rdacontent _atext _btxt |
||
| 337 |
_2rdamedia _aunmediated _bn |
||
| 338 |
_2rdacarrier _avolume _bnc |
||
| 504 | _aIncludes bibliographical references. | ||
| 590 | _aComposed by BUE staff. | ||
| 650 | 7 |
_aDiscourse analysis. _2BUEsh |
|
| 650 | 7 |
_aPersuasion (Psychology) _2BUEsh _919440 |
|
| 651 | _2BUEsh | ||
| 653 |
_bHHUUEENN _bHHUUPPSS _cJanuary2017 |
||
| 655 |
_vReading book _934232 |
||
| 942 |
_2ddc _cBB |
||
| 999 |
_c23879 _d23851 |
||